LEADER 01154nam 2200325Ia 450 001 996392598103316 005 20221108024243.0 035 $a(CKB)1000000000671612 035 $a(EEBO)2240967059 035 $a(OCoLC)12277071 035 $a(EXLCZ)991000000000671612 100 $a19850718d1645 uy | 101 0 $alat 135 $aurbn||||a|bb| 200 10$aExpositio analytica omnium apostolicarum epistolarum, seu, Brevis introductio ad pleniores commentarios, in vsum studiosorum theologiĉ$b[electronic resource] /$fopera? Davidis Dicsoni .. 210 $aGlasguĉ $cExcudebat Georgius Andersonus$d1645 215 $a[20], 9-810, [1] p 300 $aErrata: p. [1] at end. 300 $aReproduction of original in Huntington Library. 330 $aeebo-0113 700 $aDickson$b David$f1583?-1663.$01001956 801 0$bEAA 801 1$bEAA 801 2$bm/c 801 2$bUMI 801 2$bWaOLN 906 $aBOOK 912 $a996392598103316 996 $aExpositio analytica omnium Apostolicarum Epistolarum: seu, brevis introductio ad pleniores commentarios, in vsum studiosorum theologiĉ$92368208 997 $aUNISA LEADER 03417nam 2200625 450 001 9910808533103321 005 20200520144314.0 010 $a1-5261-3472-1 010 $a1-5261-4193-0 010 $a1-5261-3471-3 035 $a(CKB)4100000006670464 035 $a(StDuBDS)EDZ0002046378 035 $a(OCoLC)1053992468 035 $a(MdBmJHUP)muse77776 035 $a(Au-PeEL)EBL5512501 035 $a(CaPaEBR)ebr11608920 035 $a(MiAaPQ)EBC5512501 035 $a(DE-B1597)658938 035 $a(DE-B1597)9781526134714 035 $a(EXLCZ)994100000006670464 100 $a20180928d2019 uy 0 101 0 $aeng 135 $aurcnu|||||||| 181 $ctxt$2rdacontent 182 $cc$2rdamedia 183 $acr$2rdacarrier 200 14$aThe existential drinker /$fSteven Earnshaw 210 1$aManchester Michigan :$cManchester University Press,$d2019. 215 $a1 online resource (288 pages) 225 1 $aManchester scholarship online 300 $aPreviously issued in print: 2018. 311 $a0-7190-9961-7 320 $aIncludes bibliographical references (pages 247-259) and index. 327 $aI. Whiffs and gleams. Habitual drunkards and metaphysics : case studies from the Victorian period -- Jack London, John Barleycorn (1913) : truth -- II. The existential drinkers. Jean Rhys and drunken consciousness (1929-1939) -- Charles Jackson, The lost weekend (1944) : life projects -- Malcolm Lowry, Under the volcano (1947) : singular experiences -- Hans Fallada, The drinker (1950) : absurdity -- Brian Moore, The lonely passion of Judith Hearne (1955) : abandonment -- Frederick Exley, A fan's notes (1968) : authenticity -- Venedikt Yerofeev, Moscow-Petushki (1970) : self and others -- III. Enough : attic, Vegas, paradise. William Kennedy, Ironweed (1983) : fugitive souls and free spirits -- John O'Brien, Leaving Las Vegas (1990) : suicide -- A.L. Kennedy, Paradise (2004) : love. 330 $aDrinking to excess has been a striking problem for industrial and post-industrial societies -- who is responsible when an individual opts for a slow suicide? The causes of such drinking have often been blamed on genes, moral weakness, 'disease' (addiction), hedonism, and Romantic illusion. Yet there is another reason: the drinker may act with sincere philosophical intent, exploring the edges of self, consciousness, will, ethics, authenticity and finitude. Beginning with Jack London's John Barleycorn: alcoholic memoirs the book goes on to cover novels such as Jean Rhys's Good morning, midnight, Malcolm Lowry's Under the volcano, Charles Jackson's The lost weekend and John O'Brien's Leaving Las Vegas, and less familiar works such as Frederick Exley's A fan's notes, Venedikt Yerofeev's Moscow-Petushki, and A. L. Kennedy's Paradise. 410 0$aManchester scholarship online. 606 $aAlcohols 610 $aAlcoholism. 610 $aDrinking Studies. 610 $aDrinking. 610 $aExistentialism. 610 $aHedonism, Free will. 610 $aMedical Humanities. 610 $aMental health. 610 $aTwentieth-Century Literature. 615 0$aAlcohols. 676 $a540.71 700 $aEarnshaw$b Steven$01600910 801 0$bMiAaPQ 801 1$bMiAaPQ 801 2$bMiAaPQ 906 $aBOOK 912 $a9910808533103321 996 $aThe existential drinker$94060864 997 $aUNINA